Закономерности изменения физико-механических свойств и структурно-фазового состояния наноразмерных металлических систем Zr/Nb после облучения протонами в зависимости от температуры при изохронном отжиге; Лазерные, плазменные исследования и технологии ЛАПЛАЗ-2024
| Parent link: | Лазерные, плазменные исследования и технологии ЛАПЛАЗ-2024.— 2024.— С. 260 |
|---|---|
| المؤلف الرئيسي: | |
| مؤلف مشترك: | |
| مؤلفون آخرون: | , |
| الملخص: | Рассмотрены закономерности изменения физико-механических свойств и структурно-фазового состояния наноразмерных металлических систем Zr/Nb после облучения протонами в зависимости от температуры при изохронном отжиге. The patterns of changes in physical and mechanical properties and structural-phase state of nanoscale metallic systems Zr/Nb after protons irradiation as a function of temperature during isochronous annealing are considered. Текстовый файл |
| اللغة: | الروسية الإنجليزية |
| منشور في: |
2024
|
| الموضوعات: | |
| الوصول للمادة أونلاين: | https://laplas.mephi.ru/wp-content/uploads/2024/03/theses24.pdf#page=260 |
| التنسيق: | MixedMaterials الكتروني فصل الكتاب |
| KOHA link: | https://koha.lib.tpu.ru/cgi-bin/koha/opac-detail.pl?biblionumber=672223 |
MARC
| LEADER | 00000naa0a2200000 4500 | ||
|---|---|---|---|
| 001 | 672223 | ||
| 005 | 20251028071620.0 | ||
| 090 | |a 672223 | ||
| 100 | |a 20240411d2024 k||y0rusy50 ca | ||
| 101 | 0 | |a rus |a eng | |
| 102 | |a RU | ||
| 135 | |a drcn ---uucaa | ||
| 181 | 0 | |a i |b e | |
| 182 | 0 | |a b | |
| 183 | 0 | |a cr |2 RDAcarrier | |
| 200 | 1 | |a Закономерности изменения физико-механических свойств и структурно-фазового состояния наноразмерных металлических систем Zr/Nb после облучения протонами в зависимости от температуры при изохронном отжиге |f Р. С. Лаптев, А. Д. Ломыгин, Ч. Ван |d Patterns of changes in physicomechanical properties and structural phase status of nanoscale metal systems Zr/Nb after irradiation with protons as a function of temperature in isochron annealing |z eng | |
| 203 | |a Текст |b визуальный |c электронный | ||
| 283 | |a online_resource |2 RDAcarrier | ||
| 320 | |a Список литературы: с. 260 (2 назв.) | ||
| 330 | |a Рассмотрены закономерности изменения физико-механических свойств и структурно-фазового состояния наноразмерных металлических систем Zr/Nb после облучения протонами в зависимости от температуры при изохронном отжиге. | ||
| 330 | |a The patterns of changes in physical and mechanical properties and structural-phase state of nanoscale metallic systems Zr/Nb after protons irradiation as a function of temperature during isochronous annealing are considered. | ||
| 336 | |a Текстовый файл | ||
| 463 | 1 | |o сборник научных трудов X Международной конференции, Москва, 26-29 марта 2024 г. |t Лазерные, плазменные исследования и технологии ЛАПЛАЗ-2024 |v С. 260 |c Москва |d 2024 |n НИЯУ МИФИ | |
| 610 | 1 | |a труды учёных ТПУ | |
| 610 | 1 | |a электронный ресурс | |
| 610 | 1 | |a наноразмерные системы | |
| 610 | 1 | |a физико-механические свойства | |
| 610 | 1 | |a структурно-фазовые состояния | |
| 700 | 1 | |a Лаптев |b Р. С. |c физик, специалист в области неразрушающего контроля |c доцент Томского политехнического университета, доктор технических наук |f 1987- |g Роман Сергеевич |y Томск |9 14396 | |
| 701 | 1 | |a Ломыгин |b А. Д. |c физик |c заведующий лабораторией Томского политехнического университета |f 1997- |g Антон Дмитриевич |9 21809 | |
| 701 | 0 | |a Ван Чжихуай | |
| 712 | 0 | 2 | |a Национальный исследовательский Томский политехнический университет |c (2009- ) |9 26305 |
| 801 | 0 | |a RU |b 63413507 |c 20240411 | |
| 850 | |a 63413507 | ||
| 856 | 4 | |u https://laplas.mephi.ru/wp-content/uploads/2024/03/theses24.pdf#page=260 |z https://laplas.mephi.ru/wp-content/uploads/2024/03/theses24.pdf#page=260 | |
| 942 | |c CF | ||